| 000 | 003430000a22001330004500 | ||
|---|---|---|---|
| 003 | MACL | ||
| 040 | _aMACL | ||
| 090 |
_c42512 _d42510 |
||
| 100 | _aFlueckiger, Joyce Burkhalter | ||
| 245 |
_aIn Ammas Healing Room _bGender and Vernacular Islam In South India |
||
| 260 |
_bOrient Longmans Ltd _c2008 |
||
| 650 | _aIslam | ||
| 942 |
_cBOOK _k297/FLU |
||
| 999 |
_c42064 _d42064 |
||